Ciudades de Italia - Estadísticas

Estadísticas generales
  • Esta prueba ha sido intentada 205 veces
  • La puntuación promedio es 7 de 10
Estadísticas de respuestas
Hint Respuesta % Correcto
9. Roma
100%
6. Milán
96%
7. Nápoles
90%
4. Florencia
89%
10. Turín
84%
8. Palermo
73%
2. Bolonia
61%
5. Génova
55%
1. Bari
47%
3. Catania
36%
No se encontraron pruebas coincidentes
Distribución de puntuación
Porcentaje de gente con cada puntuación
Porcentaje por número respondido
Historial de tus puntuaciones
No has intentado esta prueba.